Informe 2010/2011 (Registro nro. 1807)

Detalles MARC
000 -LEADER
fixed length control field 01328 a2200241 4500
001 - CONTROL NUMBER
control field 29149
005 - DATE AND TIME OF LATEST TRANSACTION
control field 20260407155600.0
008 - FIXED-LENGTH DATA ELEMENTS--GENERAL INFORMATION
fixed length control field 260407a2011 arg spa d
003 - CONTROL NUMBER IDENTIFIER
control field AR-UNSa-BCEJYS
040 ## - CATALOGING SOURCE
Original cataloging agency AR-UNSa-BCEJYS
Language of cataloging spa
Transcribing agency AR-UNSa-BCEJYS
080 ## - UNIVERSAL DECIMAL CLASSIFICATION NUMBER
Universal Decimal Classification number 658.017.2/3
Common auxiliary subdivision Tamaño de la empresa (Pymes)
020 ## - INTERNATIONAL STANDARD BOOK NUMBER
International Standard Book Number 978-987-1659-12-8
041 ## - LANGUAGE CODE
Language code of text/sound track or separate title spa
100 1# - MAIN ENTRY--PERSONAL NAME
Personal name Donato, Vicente N.
245 10 - TITLE STATEMENT
Title Informe 2010/2011
Name of part/section of a work Evolución reciente, situación actual y desafíos para 2012. Tema especial: demanda de servicios profesionales de diseño de las Pymes industriales
264 #1 - PRODUCTION, PUBLICATION, DISTRIBUTION, MANUFACTURE, AND COPYRIGHT NOTICE
Place of production, publication, distribution, manufacture Buenos Aires :
Name of producer, publisher, distributor, manufacturer Fundación Observatorio PyME
Date of production, publication, distribution, manufacture, or copyright notice 2011
300 ## - PHYSICAL DESCRIPTION
Extent 105 p.
Dimensions 29 cm.
505 ## - FORMATTED CONTENTS NOTE
Formatted contents note 1. La coyuntura en 2011 y los principales problemas de la Pyme industriales - 2. Desempeño productivo 2005-2010 - 3. Competitividad internacional y desarrollo empresarial interno de las Pyme industriales - 4. Limitantes estructurales para el crecimiento de las Pyme industriales - 5. Tema especial: demanda de servicios profesionales de diseño de las Pymes industriales
590 ## - LOCAL NOTE (RLIN)
Local note niveau_biblio:m niveau_hierar:0
700 1# - ADDED ENTRY--PERSONAL NAME
Personal name Fundación Observatorio Pyme
856 41 - ELECTRONIC LOCATION AND ACCESS
Uniform Resource Identifier <a href="https://biblioeco.unsa.edu.ar/pmb/images/libros/Evolucion reciente, situacion actual y desafios para 2012-l125018.jpg">https://biblioeco.unsa.edu.ar/pmb/images/libros/Evolucion reciente, situacion actual y desafios para 2012-l125018.jpg</a>
Link text Imagen de portada
Electronic format type image/jpeg
942 ## - ADDED ENTRY ELEMENTS (KOHA)
Koha item type
Existencias
Withdrawn status Lost status Damaged status Not for loan Home library Current library Shelving location Date acquired Total checkouts Full call number Barcode Date last seen Price effective from Koha item type
        Biblioteca Prof. Eusebio Cleto del Rey Biblioteca Prof. Eusebio Cleto del Rey   07/04/2026   658.017.2/3 D677/2011 L125018 07/04/2026 07/04/2026 Libro